Riconosci la Squadra di calcio - Quiz n°336 - Statistics

Statistiche generali
  • Questo quiz è stato fatto 3 volte
  • Il punteggio medio è 6 su 9
Statistiche sulle risposte
Indizio Risposta % Corretto
Colori sociali Giallo, blu
100%
Divisione nazionale 2023-2024 Prima
100%
Trofei internazionali 0
67%
Titoli nazionali 11 campionati belgi
67%
Fondazione 1897
67%
Trofei nazionali 2 coppe del Belgio
67%
Capienza Stadio 9 400 posti
67%
Confederazione UEFA
67%
Squadra Union Saint-Gilloise
33%
Nessun quiz corrispondente trovato
Distribuzione punteggi
Percentuale di utenti per punteggio
Percentile per numero di risposta
I tuoi punteggi nel tempo
Non hai fatto questo quiz